000 00302nam a22001337a 4500
008 170613b xxu||||| |||| 00| 0 eng d
020 _a2900135034391
041 _aeng
080 _212TH
_a94(7/8)
100 _a17
101 _aSHH
245 _aCORRECTIONS IN AMERICA
_cALLEN,H,.E
942 _2udc
_cBK
999 _c17230
_d17230